| 000 | 00555nam a2200193Ia 4500 | ||
|---|---|---|---|
| 999 |
_c9998 _d9998 |
||
| 003 | OSt | ||
| 005 | 20191223131119.0 | ||
| 008 | 190216s9999||||xx |||||||||||||| ||und|| | ||
| 020 | _a8125008446 | ||
| 040 | _coclc | ||
| 082 |
_a332.4 _bKHA/M |
||
| 100 |
_a Khatkhate, Deena _9659 |
||
| 245 | 0 |
_aMoney And Finance Issues, Institutions And Policies / _cDeena Khatkhate |
|
| 250 | _a1st ed. | ||
| 260 |
_bOrient Longman, _c1998. _aHyderbad: |
||
| 300 | _a348p | ||
| 650 | _aEconomics | ||
| 942 |
_cBK _2ddc _h332.4 _iKHA/M _k332.4 _mKHA/M |
||